غزل کے نیے جیات / (Record no. 174151)

MARC details
000 -LEADER
fixed length control field 00595nam a22001937a 4500
005 - DATE AND TIME OF LATEST TRANSACTION
control field 20200320102503.0
010 ## - LCCN (DPL NO)
LC control number A-353705
020 ## - INTERNATIONAL STANDARD BOOK NUMBER
Terms of availability 70.00
035 ## - SYSTEM CONTROL NUMBER
System control number A-353705
037 ## - SOURCE OF ACQUISITION
Source of stock number/acquisition BPPD/Pub.
082 ## - DEWEY DECIMAL CLASSIFICATION NUMBER
Classification number 841.08
100 ## - MAIN ENTRY--PERSONAL NAME
Personal name محمد عقیل
245 ## - TITLE STATEMENT
Title غزل کے نیے جیات /
Statement of responsibility, etc محمد عقیل
246 ## - VARYING FORM OF TITLE
Title proper/short title Ghazal ke Nae Jahaat /
Remainder of title by Mohd. Aqil
260 ## - PUBLICATION, DISTRIBUTION, ETC. (IMPRINT)
Place of publication, distribution, etc New Delhi
Name of publisher, distributor, etc Maktaba Jadeed
Date of publication, distribution, etc 1988 ء
270 ## - ADDRESS
Address 9/10, Ground Floor, Gola Market, Behind Golcha Cinema
City New Delhi
Postal code 110002
300 ## - PHYSICAL DESCRIPTION
Extent 183p.
Dimensions 21cm(Hb)
942 ## - ADDED ENTRY ELEMENTS (KOHA)
Source of classification or shelving scheme Dewey Decimal Classification
Item type Urdu Bks
Classification part 841.08
Call number suffix م ح م
Holdings
Withdrawn status Lost status Not for loan Collection code Home library Current library Date acquired Source of acquisition Cost, normal purchase price Full call number Barcode Copy number Cost, replacement price Koha item type
      Non-fiction Central Library Central Library 20/03/2020 BPPD/Ven. 70.00 841.08 م ح م A-353705 1 70.00 Urdu Bks

© Delhi Public Library
Hit Counter
free hit counter